Countries/regions with top15 exports of plastic waste - Statistics

General Stats
  • This quiz has been taken 26 times
  • The average score is 11 of 14
Answer Stats
Plastic waste export / kilo meric tons Countries/Regions % Correct
386 France
100%
693 Germany
100%
202 Canada
96%
606 Japan
96%
223 Spain
96%
425 United States
96%
615 United Kingdom
92%
166 Australia
80%
439 Belgium
76%
577 Netherlands
76%
133 Poland
68%
114 Sweden
68%
100 Czechia
44%
108 Philippines
32%
No matching quizzes found
Score Distribution
Percent of People with Each Score
Percentile by Number Answered
Your Score History
You have not taken this quiz